000 00526 a2200193 4500
005 20240522104926.0
010 _aB-759151
020 _a9789354717888
_c350.00
035 _aB-759151
037 _bGift
082 _aN
100 _aSoontornvat, Christina
_966712
245 _aLegends of Lotus Island into The Shadow Mist/
_cChristina Soontornvat
260 _aNew York
_bScholastic
_c2022
270 _aNew York
300 _a140 p.
_c20 cm(Pb)
942 _adpl
_cCH
_2ddc
_hN
_mSOO
999 _c203142
_d203142